Airline at Luxembourg Findel airport (LUX) - Statistics

General Stats
  • This quiz has been taken 15 times
  • The average score is 12 of 22
Answer Stats
Answer % Correct
Lufthansa
100%
Ryanair
100%
British Airways
91%
Easy Jet
91%
KLM
91%
Luxair
91%
Swiss International Air Lines
91%
TAP Air portugal
91%
Turkish Airlines
82%
Finnair
73%
SAS Scandinavian Airlines
73%
Cargolux
64%
LOT
64%
Aegean
45%
Volotea
36%
China Southern
27%
Etihad Airways
27%
Air Dolomiti
9%
Atlas Air
0%
China Airlines Cargo
0%
China Postal Airlines
0%
Silk Way Airlines
0%
No matching quizzes found
Score Distribution
Percent of People with Each Score
Percentile by Number Answered
Your Score History
You have not taken this quiz